[Event "Tournoi Skype 022A"]
[Site "Skype"]
[Date "????.??.??"]
[Round "4.10"]
[White "Murolo, Antonio"]
[Black "Saponara, Jose Maria"]
[Result "0-1"]
[WhiteElo "1675"]
[BlackElo "1765"]
[PlyCount "56"]

1. d4 Nf6 2. Bf4 e6 3. e3 d5 4. Nf3 Nc6 5. Nbd2 Bd6 6. Ne5 Ne7 7. Bd3 Ng6 8.
Bg3 Nd7 9. Nxd7 Bxd7 10. Nf3 Qe7 11. Bxd6 cxd6 12. h4 Bc6 13. h5 Nf8 14. c3 h6
15. Qe2 e5 16. dxe5 dxe5 17. Bb5 Nd7 18. Bxc6 bxc6 19. O-O-O Nc5 20. Nh4 O-O-O
21. Nf5 Qf6 22. Qg4 Kc7 23. f4 e4 24. Rhf1 Nd3+ 25. Kb1 Rb8 26. Rd2 Qxc3 27.
Rff2 Nxf2 28. Rxf2 Qe1+ 0-1

[Event "Tournoi Skype 022A"]
[Site "Skype"]
[Date "????.??.??"]
[Round "4.11"]
[White "Thoune, Jim"]
[Black "Levantini, Claudio"]
[Result "1/2-1/2"]
[WhiteElo "1741"]
[BlackElo "1432"]
[PlyCount "58"]

1. d4 d5 2. Bf4 Nf6 3. e3 Bf5 4. c4 e6 5. Nc3 Bb4 6. Bd3 Bg6 7. Nge2 Nbd7 8.
Rc1 dxc4 9. Bxc4 Nh5 10. O-O Nxf4 11. Nxf4 Qf6 12. Nb5 Ba5 13. Qb3 a6 14. Nxc7+
Bxc7 15. Qxb7 Qd8 16. Bxa6 Bxf4 17. exf4 O-O 18. Bb5 Nf6 19. a4 Qxd4 20. Bc6
Rab8 21. Qc7 Rxb2 22. Rcd1 Qc5 23. Rd8 Rc2 24. Rxf8+ Qxf8 25. Rd1 Nd5 26. Qb7
h6 27. a5 Qe7 28. Bxd5 Qc5 29. Bf3 Qxa5 1/2-1/2

[Event "Tournoi Skype 022A"]
[Site "Skype"]
[Date "????.??.??"]
[Round "4.12"]
[White "Diaz, Jose Garcia"]
[Black "Rochette, Mathieu"]
[Result "0-1"]
[WhiteElo "1616"]
[BlackElo "1699"]
[PlyCount "36"]

1. d4 Nf6 2. c4 e6 3. Nc3 d5 4. e3 Nbd7 5. Nf3 Be7 6. Bd3 c6 7. c5 O-O 8. O-O
b6 9. b4 a5 10. Ba3 axb4 11. Bxb4 bxc5 12. dxc5 Nxc5 13. Bxc5 Bxc5 14. Ne5 Qc7
15. Ng4 Be7 16. Rc1 Ba6 17. Be2 Nxg4 18. Bxa6 Qxh2# 0-1

[Event "Tournoi Skype 022A"]
[Site "Skype"]
[Date "????.??.??"]
[Round "4.13"]
[White "Mulrooney, Justin"]
[Black "Ibarra Cantu, Raul Alberto"]
[Result "0-1"]
[WhiteElo "1622"]
[BlackElo "1924"]
[PlyCount "78"]

1. e4 c5 2. Na3 Nc6 3. c3 d5 4. exd5 Qxd5 5. Nf3 Bg4 6. Bc4 Qe4+ 7. Qe2 Bxf3 8.
gxf3 Qxe2+ 9. Bxe2 e6 10. Nc2 O-O-O 11. d3 Nge7 12. Be3 Nf5 13. O-O-O Be7 14.
Rhg1 Rd7 15. Na3 Rhd8 16. Kc2 a6 17. Nc4 Kb8 18. Bf4+ Ka7 19. a4 b6 20. Be3 Kb7
21. f4 b5 22. axb5 axb5 23. Na3 Kb6 24. Ra1 Bh4 25. Rg2 g6 26. b4 Nxe3+ 27.
fxe3 cxb4 28. cxb4 Nxb4+ 29. Kb3 Nxd3 30. Bf1 Nc5+ 31. Kb4 Be7 32. Nxb5 Nd3+
33. Kc3 Bf6+ 34. Nd4 Bxd4+ 35. exd4 Rxd4 36. Rb1+ Kc5 37. Rg5+ f5 38. Rg2 Rc4+
39. Kb3 Rb8+ 0-1

[Event "Tournoi Skype 022A"]
[Site "Skype"]
[Date "????.??.??"]
[Round "4.14"]
[White "Dal, Ibrahim"]
[Black "Sauvaget, Joel"]
[Result "1-0"]
[WhiteElo "1838"]
[BlackElo "1616"]
[PlyCount "51"]

1. d4 d5 2. c4 e6 3. Nc3 c6 4. Nf3 Nf6 5. Bg5 Be7 6. e3 h6 7. Bh4 O-O 8. Rc1
Nbd7 9. Bd3 Re8 10. O-O Nf8 11. Ne5 N6d7 12. Bxe7 Qxe7 13. f4 Nf6 14. g4 N6h7
15. Nf3 Bd7 16. h4 Nf6 17. Ne5 Red8 18. g5 hxg5 19. fxg5 Ne4 20. Rxf7 Qe8 21.
Nxe4 dxe4 22. Bxe4 Bc8 23. Qh5 c5 24. Rcf1 cxd4 25. Rxf8+ Qxf8 26. Qh7# 1-0

[Event "Tournoi Skype 022A"]
[Site "Skype"]
[Date "????.??.??"]
[Round "4.15"]
[White "Vasquez, Oscar"]
[Black "Slagle, Jim"]
[Result "1-0"]
[WhiteElo "1600"]
[BlackElo "1800"]
[PlyCount "131"]

1. c4 Nf6 2. Nc3 d5 3. cxd5 Nxd5 4. d3 e5 5. Nf3 Nc6 6. g3 Be7 7. Bg2 Be6 8.
Bd2 f6 9. a3 Qd7 10. h4 h6 11. Qc2 O-O-O 12. O-O-O g5 13. hxg5 hxg5 14. Kb1 g4
15. Nh4 Nd4 16. Qc1 Nxc3+ 17. Bxc3 Nxe2 18. Qd2 Nxc3+ 19. Qxc3 Rhg8 20. Rhe1
Qd4 21. Qd2 Rd6 22. Re4 Qd5 23. Rc4 Qxc4 24. dxc4 Rxd2 25. Rxd2 Bxc4 26. Be4
Be6 27. Nf5 Bf8 28. Kc2 Rg5 29. Ne3 f5 30. Bd5 Bxd5 31. Nxd5 c6 32. Nf6 Bc5 33.
Nd7 Bd4 34. Nf8 Rg7 35. Ne6 Rd7 36. Nf8 Rd6 37. Nh7 c5 38. Ng5 Kc7 39. b3 Kc6
40. a4 b6 41. Re2 a6 42. Nf7 Re6 43. Nd8+ Kd6 44. Nxe6 Kxe6 45. Kd3 Kd5 46. Ra2
e4+ 47. Ke2 Ke5 48. Rc2 f4 49. gxf4+ Kxf4 50. Rc1 b5 51. a5 e3 52. Rh1 exf2 53.
Rh7 g3 54. Kf1 Ke3 55. Rf7 c4 56. bxc4 bxc4 57. Kg2 Be5 58. Re7 Kd4 59. Re6 Kc3
60. Rxe5 Kb3 61. Re3+ c3 62. Rxg3 Kb2 63. Kxf2 c2 64. Rg1 c1=Q 65. Rxc1 Kxc1
66. Ke3 1-0

[Event "Tournoi Skype 022A"]
[Site "Skype"]
[Date "????.??.??"]
[Round "4.16"]
[White "Bendre, Pankaj"]
[Black "Murgia, Stefano"]
[Result "0-1"]
[WhiteElo "1554"]
[BlackElo "1729"]
[PlyCount "70"]

1. e4 e5 2. Nf3 Nc6 3. Bc4 Nf6 4. d3 Be7 5. O-O O-O 6. Nc3 d6 7. h3 Na5 8. Bb3
c6 9. a3 Nxb3 10. cxb3 h6 11. Re1 Be6 12. Be3 Nd7 13. b4 a5 14. b5 d5 15. exd5
cxd5 16. d4 e4 17. Ne5 Qc7 18. Ng4 f5 19. Nh2 Bd6 20. Nf1 f4 21. Bc1 f3 22.
gxf3 Bxh3 23. fxe4 Bxf1 24. Rxf1 dxe4 25. Nxe4 Bh2+ 26. Kh1 Nf6 27. Nxf6+ Rxf6
28. Be3 Raf8 29. Rc1 Qd6 30. Qh5 Bg3 31. Kg2 Rg6 32. Kh1 Bf4 33. Bxf4 Rxf4 34.
f3 Kh7 35. d5 Qf6 0-1

[Event "Tournoi Skype 022A"]
[Site "Skype"]
[Date "????.??.??"]
[Round "4.18"]
[White "Jogi, Kalpesh"]
[Black "Casey, Eamonn"]
[Result "0-1"]
[WhiteElo "1552"]
[BlackElo "1686"]
[PlyCount "78"]

1. d4 Nf6 2. a3 e6 3. c4 d5 4. cxd5 exd5 5. Nc3 Bf5 6. Bf4 Be7 7. Nf3 h6 8. Nb5
Na6 9. Rc1 c6 10. Nc3 O-O 11. e3 Nc7 12. Be2 Re8 13. O-O Rc8 14. Bd3 Bxd3 15.
Qxd3 Bd6 16. Bxd6 Qxd6 17. h3 Ne4 18. Qc2 Qf6 19. Nxe4 Rxe4 20. Qe2 Ne6 21. Qd3
Ng5 22. Nxg5 Qxg5 23. f4 Qh4 24. Rf3 Rce8 25. Rcf1 f5 26. Qd2 R8e6 27. Qf2
Qxf2+ 28. R1xf2 Rxe3 29. Rxe3 Rxe3 30. Rd2 Re4 31. g3 g5 32. fxg5 hxg5 33. Kf2
Kf7 34. Kf3 Kg6 35. g4 f4 36. b4 Re3+ 37. Kg2 Rxa3 38. Re2 f3+ 39. Kh2 fxe2 0-1

[Event "Tournoi Skype 022A"]
[Site "Skype"]
[Date "????.??.??"]
[Round "4.19"]
[White "Fernandez Cabello, Emilio"]
[Black "L'Herbon De Lussats, Jean"]
[Result "0-1"]
[WhiteElo "1685"]
[BlackElo "1507"]
[PlyCount "63"]

1. e4 c5 2. Nf3 Nc6 3. d4 cxd4 4. Nxd4 e5 5. Nb3 Nf6 6. Nc3 Bb4 7. Nd2 O-O 8.
a3 Bc5 9. Bd3 d6 10. O-O Ng4 11. Nf3 a6 12. Nd5 Be6 13. c4 Nf6 14. Bg5 Nd4 15.
Nxd4 Bxd4 16. Qe2 Bxd5 17. exd5 h6 18. Be3 Qb6 19. Bxd4 Qxd4 20. b3 Qf4 21. f3
Nh5 22. Qf2 Qg5 23. Bc2 Nf4 24. Kh1 f5 25. g3 Nh3 26. Qg2 Qh5 27. Rae1 Rf6 28.
Bd1 f4 29. g4 Qh4 30. Bc2 h5 31. Bf5 Ng5 32. Qg3 0-1

[Event "Tournoi Skype 022A"]
[Site "Skype"]
[Date "????.??.??"]
[Round "4.20"]
[White "Le Brun, Yves"]
[Black "Trivedi, Viral"]
[Result "0-1"]
[WhiteElo "1491"]
[BlackElo "1679"]
[PlyCount "46"]

1. f4 d5 2. e3 Nf6 3. b3 d4 4. d3 dxe3 5. Bxe3 Ng4 6. Qe2 Nc6 7. Nf3 Nxe3 8.
Qxe3 Bg4 9. Nbd2 Nb4 10. Kd1 Nd5 11. Qd4 e6 12. Be2 c5 13. Qf2 Nc3+ 14. Kc1 c4
15. Nxc4 b5 16. Nce5 Bxf3 17. Bxf3 Rc8 18. Qxa7 Be7 19. Bc6+ Kf8 20. Qe3 Ba3+
21. Kd2 Qa5 22. Ke1 Nd5+ 23. Qd2 Bb4 0-1

[Event "Tournoi Skype 022A"]
[Site "Skype"]
[Date "????.??.??"]
[Round "4.21"]
[White "Yardimci, Ertan"]
[Black "Martinez, Jose Abel"]
[Result "0-1"]
[WhiteElo "1501"]
[BlackElo "1669"]
[PlyCount "32"]

1. d4 Nf6 2. Nf3 d6 3. c4 g6 4. g3 Bg7 5. Bg2 Bg4 6. h3 Bxf3 7. Bxf3 c6 8. Bf4
h5 9. e4 Nbd7 10. e5 dxe5 11. dxe5 Qa5+ 12. Nc3 Nxe5 13. Qa4 Qxa4 14. Nxa4
Nxf3+ 15. Kf1 Ne4 16. Be5 Nxe5 0-1

[Event "Tournoi Skype 022A"]
[Site "Skype"]
[Date "????.??.??"]
[Round "4.22"]
[White "Yeter, Orhan"]
[Black "Calcino, Luis"]
[Result "0-1"]
[WhiteElo "1635"]
[BlackElo "1570"]
[PlyCount "170"]

1. e4 g6 2. d4 Bg7 3. Nf3 d6 4. h3 a6 5. Be3 Nd7 6. Nc3 b5 7. Bd3 Bb7 8. O-O
Ngf6 9. e5 Bxf3 10. Qxf3 dxe5 11. Qc6 O-O 12. Nd5 Nxd5 13. Qxd5 e6 14. Qe4 exd4
15. Bxd4 e5 16. Bc3 Nc5 17. Qe2 Qe8 18. Bb4 Nxd3 19. cxd3 Qe6 20. Bxf8 Bxf8 21.
Rfe1 Re8 22. Qe4 f5 23. Qf3 Bc5 24. a3 Qd6 25. Rad1 Bd4 26. b4 a5 27. bxa5 Qxa3
28. Qd5+ Kh8 29. Qxb5 Re7 30. a6 c5 31. Qc6 Kg7 32. Rb1 Qa2 33. Qf3 Qxa6 34.
Rb8 c4 35. dxc4 Qxc4 36. Reb1 e4 37. Qf4 Be5 38. Qg5 Qf7 39. Rd8 f4 40. Qg4 h5
41. Qd1 e3 42. fxe3 fxe3 43. Qe2 Bg3 44. Rf1 Bf2+ 45. Kh1 Qf6 46. Rfd1 Qe6 47.
Qb2+ Qf6 48. Qxf6+ Kxf6 49. R8d6+ Re6 50. Rxe6+ Kxe6 51. g4 hxg4 52. hxg4 Ke7
53. Kg2 Kf6 54. Kf1 Kg5 55. Rd6 Kxg4 56. Ke2 g5 57. Rg6 Kf5 58. Rg8 g4 59. Rg7
Kf4 60. Rg8 g3 61. Rg7 Ke4 62. Rg8 Kf5 63. Rg7 Kf6 64. Rg4 Kf5 65. Rg8 Kf4 66.
Rg7 Kf5 67. Rg8 Kf6 68. Kf3 Ke5 69. Rg6 Kd4 70. Rg8 Kd3 71. Re8 Kd2 72. Re4 Ke1
73. Re8 Kf1 74. Re4 g2 75. Ra4 g1=Q 76. Ra1+ Be1 77. Rxe1+ Kxe1 78. Ke4 Qg5 79.
Kd4 e2 80. Kd3 Qd5+ 81. Ke3 Kf1 82. Kf4 e1=Q 83. Kg4 Qee4+ 84. Kg3 Qdd3+ 85.
Kh2 Qg2# 0-1

[Event "Tournoi Skype 022A"]
[Site "Skype"]
[Date "????.??.??"]
[Round "4.23"]
[White "Alvarez, Rafael Andres"]
[Black "Teles, Jeferson Lisboa"]
[Result "1-0"]
[WhiteElo "1578"]
[BlackElo "1633"]
[PlyCount "89"]

1. d4 d5 2. Bf4 Bf5 3. Be3 e6 4. Bf4 Nf6 5. e3 Bb4+ 6. c3 Ba5 7. Nd2 c6 8. Ngf3
Nbd7 9. b4 Bc7 10. Bg3 h6 11. Ne5 Nxe5 12. dxe5 Nd7 13. Nf3 Bg4 14. Qd4 Bxf3
15. gxf3 a5 16. f4 Bb6 17. Qd2 axb4 18. cxb4 Bc5 19. bxc5 Nxc5 20. Qb4 b6 21.
Be2 Ra4 22. Qb2 O-O 23. O-O Nd7 24. Qc2 Nc5 25. Rfd1 f6 26. exf6 Rxf6 27. Bh4
g5 28. fxg5 Rxh4 29. gxf6 Qxf6 30. Kh1 Ne4 31. Rg1+ Kh8 32. f3 Nf2+ 33. Kg2
Qg5+ 34. Kxf2 Rxh2+ 35. Kf1 Qh4 36. Qc3+ d4 37. Qxd4+ Qxd4 38. exd4 h5 39. Rb1
b5 40. Rb4 h4 41. a4 bxa4 42. Rxa4 h3 43. Ra8+ Kh7 44. Bd3+ Kh6 45. Rh8# 1-0

[Event "Tournoi Skype 022A"]
[Site "Skype"]
[Date "????.??.??"]
[Round "4.24"]
[White "Sepulveda, Lyda Marcela"]
[Black "Luna Perez Vico, Lorenzo"]
[Result "1-0"]
[WhiteElo "1624"]
[BlackElo "1554"]
[PlyCount "59"]

1. e4 c5 2. Nf3 Nc6 3. d4 cxd4 4. Nxd4 Nf6 5. Nc3 a6 6. Be2 d6 7. Be3 Bd7 8. a4
e6 9. f4 Nxd4 10. Qxd4 Be7 11. e5 dxe5 12. fxe5 Ng8 13. O-O Bc6 14. Qf4 Nh6 15.
Rad1 Qc7 16. g4 O-O 17. Ne4 Bxe4 18. Qxe4 Rad8 19. Bd3 Rxd3 20. cxd3 Rd8 21.
Rc1 Qd7 22. d4 Rc8 23. h3 Rxc1 24. Rxc1 f5 25. exf6 Bxf6 26. g5 Bxd4 27. gxh6
Bxe3+ 28. Qxe3 gxh6 29. Rf1 Qg7+ 30. Kh1 1-0

[Event "Tournoi Skype 022A"]
[Site "Skype"]
[Date "????.??.??"]
[Round "4.26"]
[White "Alvarez, Juan Evangelista"]
[Black "Salazar Ticeran, Antonio"]
[Result "1/2-1/2"]
[WhiteElo "1573"]
[BlackElo "1611"]
[PlyCount "121"]

1. Nf3 Nc6 2. d4 d5 3. Qd3 g6 4. e4 dxe4 5. Qxe4 Bf5 6. Qe2 Bg7 7. Be3 Nb4 8.
Na3 Nf6 9. Qb5+ Nc6 10. Qxb7 Bd7 11. O-O-O Rb8 12. Qa6 O-O 13. Ne5 Nb4 14. Qxa7
Nxa2+ 15. Kd2 Ne4+ 16. Ke2 Rxb2 17. Kf3 Nec3 18. Rd3 f6 19. Nec4 Rb8 20. Qc5 h5
21. g3 Bg4+ 22. Kg2 Qd5+ 23. Qxd5+ Nxd5 24. f3 Bf5 25. Rd2 Nxe3+ 26. Nxe3 Bh6
27. Nxf5 Bxd2 28. Nxe7+ Kf7 29. Nc6 Rb6 30. d5 Nc3 31. Nc4 Nxd5 32. Nxb6 Nxb6
33. Bd3 Bc3 34. Rb1 Re8 35. Na7 Nd5 36. Bc4 Rd8 37. Nb5 Be5 38. f4 Kg7 39. fxe5
Ne3+ 40. Kf3 Nxc4 41. Ra1 Nxe5+ 42. Ke4 Rd2 43. Nxc7 Rxc2 44. Ra7 Kh6 45. Ne6
Re2+ 46. Kd5 Nf3 47. h4 Rd2+ 48. Ke4 Re2+ 49. Kxf3 Rxe6 50. Kf4 g5+ 51. Kf5 Rb6
52. Ra8 gxh4 53. gxh4 Kg7 54. Ra7+ Kf8 55. Rh7 Kg8 56. Rxh5 Rb5+ 57. Kg6 Rxh5
58. Kxh5 Kf7 59. Kg4 Kg6 60. h5+ Kh6 61. Kf5 1/2-1/2

[Event "Tournoi Skype 022A"]
[Site "Skype"]
[Date "????.??.??"]
[Round "4.27"]
[White "Calderon, Job"]
[Black "Kruk, Clementine"]
[Result "1/2-1/2"]
[WhiteElo "1600"]
[BlackElo "1559"]
[PlyCount "44"]

1. e4 e5 2. Bc4 Bc5 3. Nf3 Nc6 4. O-O Nf6 5. Re1 d6 6. h3 a6 7. c3 b5 8. Bb3 a5
9. d4 exd4 10. cxd4 Bb4 11. Bd2 O-O 12. Nc3 Re8 13. e5 dxe5 14. dxe5 Nd7 15. e6
fxe6 16. Bxe6+ Kh8 17. Ng5 Nde5 18. Qh5 h6 19. Nf7+ Nxf7 20. Bxf7 Rxe1+ 21.
Rxe1 Qxd2 22. Re8+ Bf8 1/2-1/2

[Event "Tournoi Skype 022A"]
[Site "Skype"]
[Date "????.??.??"]
[Round "4.28"]
[White "Castillo, Jesus"]
[Black "Perrone, Gabriel Lorenzo"]
[Result "1-0"]
[WhiteElo "1600"]
[BlackElo "1505"]
[PlyCount "127"]

1. e4 e5 2. Nf3 Nc6 3. Bb5 a6 4. Ba4 Nf6 5. O-O Be7 6. Re1 b5 7. Bb3 Na5 8.
Nxe5 Nxb3 9. axb3 Bb7 10. d3 d6 11. Nf3 O-O 12. Nbd2 c5 13. Nf1 Nd7 14. Ng3 Bf6
15. Nf5 Ne5 16. c3 Re8 17. Bf4 g6 18. Ng3 Rc8 19. Ne2 Nxf3+ 20. gxf3 d5 21. Kh1
dxe4 22. dxe4 Qxd1 23. Raxd1 Rcd8 24. Bg3 Kg7 25. h4 h5 26. Kh2 Kh6 27. Bf4+
Kg7 28. Bg3 Rxd1 29. Rxd1 Rd8 30. Rxd8 Bxd8 31. Bd6 Bxh4 32. Bxc5 f5 33. exf5
Bxf3 34. Bd4+ Kf7 35. Ng1 Bd5 36. fxg6+ Kxg6 37. b4 Kf5 38. Kh3 Bg5 39. Ne2 Ke4
40. Ng3+ Kd3 41. Nxh5 Kc2 42. f4 Bh6 43. Kg4 Be6+ 44. f5 Bc8 45. Nf4 Kxb2 46.
Ne6 Bd2 47. c4+ Bc3 48. cxb5 axb5 49. Kg5 Kb3 50. Bxc3 Kxc3 51. Nc5 Kxb4 52. f6
Kxc5 53. f7 Kc4 54. f8=Q Ba6 55. Qf4+ Kc5 56. Qc7+ Kb4 57. Kf4 Ka3 58. Qa5+ Kb3
59. Qxa6 b4 60. Ke3 Kc3 61. Qc6+ Kb2 62. Kd2 b3 63. Qc1+ Ka2 64. Kc3 1-0

[Event "Tournoi Skype 022A"]
[Site "Skype"]
[Date "????.??.??"]
[Round "4.29"]
[White "Vello, Pablo"]
[Black "Khunte, Aniruddha"]
[Result "1/2-1/2"]
[WhiteElo "1424"]
[BlackElo "1586"]
[PlyCount "87"]

1. d4 Nf6 2. Bf4 d5 3. e3 Bf5 4. Nf3 e6 5. c4 c6 6. cxd5 cxd5 7. Bb5+ Nbd7 8.
Nc3 Bb4 9. O-O O-O 10. Rc1 Rc8 11. Qb3 Qa5 12. Bxd7 Nxd7 13. Ne2 Bg4 14. a3 Bd2
15. Rxc8 Rxc8 16. Qd3 Bxf3 17. gxf3 Be1 18. Qd1 Bd2 19. b4 Bxb4 20. axb4 Qxb4
21. Qd3 Nf6 22. Rb1 Qe7 23. Bg5 h6 24. Bxf6 Qxf6 25. f4 b6 26. Kh1 Qh4 27. Ng3
Qg4 28. Qe2 Qg6 29. Rg1 Rc2 30. Qf3 Rb2 31. Nh5 Rb1 32. Ng3 a5 33. Qh5 a4 34.
Qxg6 Rxg1+ 35. Kxg1 fxg6 36. Ne2 a3 37. Nc3 b5 38. Na2 Kf8 39. Kf1 Kf7 40. Ke2
Ke7 41. Kd3 Kd6 42. f3 Kc6 43. Kc3 Kb6 44. Kb4 1/2-1/2

[Event "Tournoi Skype 022A"]
[Site "Skype"]
[Date "????.??.??"]
[Round "4.30"]
[White "Martin, Jean-Claude"]
[Black "Carballo, Jorge"]
[Result "1-0"]
[WhiteElo "1531"]
[BlackElo "1589"]
[PlyCount "43"]

1. d4 d5 2. Nc3 Nf6 3. Nf3 Bg4 4. Bg5 Nbd7 5. Bxf6 Nxf6 6. e3 e6 7. Bd3 Ne4 8.
Bxe4 Bxf3 9. Qxf3 dxe4 10. Nxe4 c6 11. c3 Bd6 12. Nxd6+ Qxd6 13. O-O O-O 14. h3
Rad8 15. Rad1 Rd7 16. a3 Rfd8 17. b4 b6 18. c4 c5 19. bxc5 bxc5 20. dxc5 Qxc5
21. Rxd7 Rxd7 22. Qa8+ 1-0

[Event "Tournoi Skype 022A"]
[Site "Skype"]
[Date "????.??.??"]
[Round "4.31"]
[White "Mitrani, Alberto"]
[Black "Marino, Giuseppe"]
[Result "1-0"]
[WhiteElo "1570"]
[BlackElo "1356"]
[PlyCount "81"]

1. d4 d5 2. Nf3 Nf6 3. e3 Bf5 4. Bd3 Bxd3 5. Qxd3 e6 6. b3 Bd6 7. Bb2 O-O 8.
Nbd2 Nbd7 9. Ne5 h6 10. g4 Bxe5 11. dxe5 Nxg4 12. f4 f6 13. h3 fxe5 14. hxg4
exf4 15. O-O-O fxe3 16. Qxe3 Qe8 17. Nf3 c6 18. Rxh6 Rxf3 19. Rh8+ Kxh8 20.
Rh1+ Kg8 21. Qxf3 Qg6 22. Qe3 Qxg4 23. Bxg7 Qxg7 24. Rg1 Qxg1+ 25. Qxg1+ Kf7
26. Qf2+ Nf6 27. Kd2 Kg7 28. Qg3+ Kh6 29. Qe5 Kg6 30. Qxe6 Re8 31. Qd6 Kf5 32.
Kd3 Re5 33. Qf8 Re8 34. Qc5 Ne4 35. Qxa7 Kf4 36. Qe3+ Kf5 37. Qf3+ Kg5 38. Qg2+
Kf5 39. Kd4 b6 40. Qh3+ Kf4 41. Qh4+ 1-0

[Event "Tournoi Skype 022A"]
[Site "Skype"]
[Date "????.??.??"]
[Round "4.32"]
[White "Hague, Mark"]
[Black "Perez Fermin, Jose"]
[Result "0-1"]
[WhiteElo "1581"]
[BlackElo "1590"]
[PlyCount "111"]

1. d4 d5 2. c4 c6 3. Nc3 Nf6 4. Nf3 e6 5. Bg5 Be7 6. e3 Nbd7 7. Bd3 h6 8. Bf4
dxc4 9. Bxc4 Nb6 10. Bd3 O-O 11. Qc2 Bd6 12. Bg3 Re8 13. Ne5 Qc7 14. f4 a6 15.
h3 c5 16. dxc5 Qxc5 17. Bf2 Bxe5 18. fxe5 Qxe5 19. O-O-O Nbd5 20. Nxd5 Nxd5 21.
Rhe1 Bd7 22. Kb1 Rac8 23. Qd2 Ba4 24. Rc1 a5 25. e4 Nb4 26. Rc3 Rcd8 27. Rec1
Bb5 28. a3 Nxd3 29. R1c2 Nxf2 30. Qxf2 Bd3 31. Rxd3 Rxd3 32. Rc5 Qxe4 33. Rc7
Rd1+ 34. Ka2 Qd5+ 35. b3 a4 36. Qb6 axb3+ 37. Qxb3 Qxb3+ 38. Kxb3 Rb1+ 39. Ka2
Rb6 40. Rc3 e5 41. h4 g5 42. hxg5 hxg5 43. Rh3 Kg7 44. Re3 f6 45. g4 Kf7 46.
Rc3 Ke6 47. Rd3 Rc8 48. a4 Rc2+ 49. Ka3 Rg2 50. a5 Rb1 51. Ka4 Rxg4+ 52. Ka3
Rgb4 53. Rd1 Rxd1 54. Kxb4 Rd5 55. Ka4 g4 56. Ka3 0-1

[Event "Tournoi Skype 022A"]
[Site "Skype"]
[Date "????.??.??"]
[Round "5.1"]
[White "Gasperoni, Claudio"]
[Black "Gomez, Ken"]
[Result "1-0"]
[WhiteElo "1853"]
[BlackElo "1929"]
[PlyCount "123"]

1. d4 Nf6 2. Nf3 e6 3. e3 b6 4. c4 Bb7 5. Bd3 Be7 6. O-O O-O 7. Nc3 d5 8. cxd5
exd5 9. b3 Nbd7 10. Bb2 c5 11. Rc1 Rc8 12. Qe2 Re8 13. Rfd1 Bd6 14. dxc5 bxc5
15. Ba6 Qb6 16. Bxb7 Qxb7 17. Qd2 Nb6 18. Nb5 Ne4 19. Nxd6 Nxd6 20. Qa5 Ne4 21.
Nd2 c4 22. Nxe4 dxe4 23. Qg5 f6 24. Bxf6 Qf7 25. Bd4 Rf8 26. Rf1 cxb3 27. Rxc8
Rxc8 28. axb3 Nd5 29. Ra1 h6 30. Qe5 Rc2 31. Rf1 Nf6 32. Qb8+ Kh7 33. Bxf6 Qxf6
34. Qxa7 Rb2 35. Qc5 Rxb3 36. Qc4 Rb2 37. Qxe4+ Kg8 38. f3 Qc3 39. Rd1 Rb8 40.
Qd5+ Kh8 41. Qd3 Qc5 42. Qd4 Qc2 43. Rd2 Rb1+ 44. Kf2 Qc1 45. Qd8+ Kh7 46. Qd3+
Kh8 47. Kg3 Qe1+ 48. Kh3 Rb8 49. e4 Rf8 50. Re2 Qf1 51. e5 Re8 52. e6 Qa1 53.
Qd7 Qa8 54. e7 Kg8 55. Re5 Qb8 56. Qe6+ Kh8 57. Re4 Qc7 58. Qf7 Qd7+ 59. g4 Qb5
60. Kg3 Qb8+ 61. f4 g6 62. Qxg6 1-0

[Event "Tournoi Skype 022A"]
[Site "Skype"]
[Date "????.??.??"]
[Round "5.2"]
[White "Benson, Paul"]
[Black "Siret, Bernard"]
[Result "1-0"]
[WhiteElo "2015"]
[BlackElo "2019"]
[PlyCount "67"]

1. d4 c5 2. dxc5 e5 3. e4 Bxc5 4. Bc4 Nf6 5. Qe2 O-O 6. Nf3 d6 7. Nc3 h6 8. O-O
a6 9. Be3 b5 10. Bxc5 dxc5 11. Bd5 Nxd5 12. Nxd5 Bg4 13. h3 Bxf3 14. Qxf3 Nc6
15. c3 Ne7 16. Rfd1 Nxd5 17. Rxd5 Qe7 18. Qf5 Rae8 19. Rad1 g6 20. Qd7 Qh4 21.
Qg4 Qxg4 22. hxg4 c4 23. Rd6 a5 24. R6d5 Rb8 25. Rxe5 Rb7 26. Rc5 Rfb8 27. Rd2
Kf8 28. Kf1 Ke7 29. Ke2 Rd7 30. Rd4 Rdb7 31. Ke3 Kf6 32. f4 b4 33. Rdxc4 bxc3
34. b3 1-0

[Event "Tournoi Skype 022A"]
[Site "Skype"]
[Date "????.??.??"]
[Round "5.3"]
[White "Lambert, Pierre"]
[Black "Devos, Piet"]
[Result "0-1"]
[WhiteElo "1804"]
[BlackElo "2211"]
[PlyCount "58"]

1. e4 c5 2. Nc3 e6 3. g3 d5 4. e5 d4 5. Ne4 Qd5 6. Bg2 Qxe5 7. d3 Qc7 8. Ne2
Nd7 9. O-O Ngf6 10. f4 Be7 11. Bd2 Nd5 12. Qe1 O-O 13. Kh1 N7f6 14. a3 Ng4 15.
Rc1 f5 16. Ng5 Nde3 17. Bxe3 Nxe3 18. Rf2 Bxg5 19. fxg5 e5 20. Bf3 Bd7 21. c3
Qb6 22. b4 cxb4 23. axb4 Rac8 24. Qd2 Bc6 25. c4 e4 26. dxe4 fxe4 27. Nxd4 Ng4
28. Nxc6 Nxf2+ 29. Qxf2 Qxf2 0-1

 Qxf2 0-1

[Event "Tournoi Skype 022A"]
[Site "Skype"]
[Date "????.??.??"]
[Round "5.4"]
[White "Saponara, Jose Maria"]
[Black "Deville, Olivier"]
[Result "0-1"]
[WhiteElo "1765"]
[BlackElo "1991"]
[PlyCount "140"]

1. e4 c5 2. Nf3 d6 3. d4 Nf6 4. Nc3 cxd4 5. Nxd4 Nc6 6. f3 e5 7. Nb3 Be7 8. Be3
Be6 9. Be2 a5 10. Na4 Nd7 11. c4 O-O 12. Qd2 Nb4 13. a3 Nc6 14. Rd1 b5 15. Nc3
bxc4 16. Nd5 cxb3 17. Nxe7+ Qxe7 18. Bb5 Rac8 19. Qxd6 Qxd6 20. Rxd6 Ndb8 21.
Kf2 Rfd8 22. Rhd1 Nd4 23. Rxd8+ Rxd8 24. f4 Nbc6 25. Bxc6 Nxc6 26. Rxd8+ Nxd8
27. f5 Bc4 28. Bb6 Nc6 29. Ke3 a4 30. g4 Nb4 31. Kd2 Nd3 32. Kc3 Bb5 33. Bc7
Kf8 34. g5 Ke7 35. h4 f6 36. Bb6 Nf4 37. Bf2 Kd6 38. Be3 Ne2+ 39. Kb4 Be8 40.
Bc5+ Kc7 41. gxf6 gxf6 42. Be7 Ng3 43. Bxf6 Kd6 44. Bd8 Nxe4 45. h5 Ng3 46. f6
Ke6 47. h6 Nh5 48. f7 Kxf7 49. Bc7 e4 50. Kc4 Kg6 51. Kd4 Kxh6 52. Kxe4 Kg5 53.
Bh2 Kg4 54. Be5 Ng3+ 55. Ke3 h5 56. Kf2 h4 57. Kg2 h3+ 58. Kg1 Kf3 59. Kh2 Ne4
60. Kxh3 Ke2 61. Kg4 Kd3 62. Kf3 Nd2+ 63. Kf2 Nc4 64. Bc3 Nxa3 65. Ke1 Nc4 66.
Kd1 a3 67. bxa3 Kxc3 68. Kc1 b2+ 69. Kb1 Kb3 70. a4 Bg6# 0-1

[Event "Tournoi Skype 022A"]
[Site "Skype"]
[Date "????.??.??"]
[Round "5.5"]
[White "Rochette, Mathieu"]
[Black "Hilton, Stephen"]
[Result "0-1"]
[WhiteElo "1699"]
[BlackElo "1892"]
[PlyCount "78"]

1. d4 Nf6 2. c4 g6 3. Nc3 d5 4. cxd5 Nxd5 5. e4 Nxc3 6. bxc3 Bg7 7. Bc4 O-O 8.
Nf3 c5 9. Be3 Qc7 10. Qe2 Nc6 11. O-O Bg4 12. Rfd1 Rac8 13. Rac1 Qa5 14. h3
Bxf3 15. Qxf3 a6 16. e5 e6 17. Bb3 c4 18. Bxc4 Nxe5 19. dxe5 Rxc4 20. Qxb7 Bxe5
21. Qb3 Qc7 22. Bb6 Qc6 23. Rd8 Rxd8 24. Bxd8 Qe4 25. Be7 Rxc3 26. Qd1 Rxc1 27.
Qxc1 Kg7 28. Ba3 Qd4 29. g4 Qa1 30. Qxa1 Bxa1 31. Kf1 Kf6 32. Ke2 Ke5 33. Bf8
Kd5 34. Kd3 f5 35. f3 e5 36. Bh6 e4+ 37. fxe4+ fxe4+ 38. Ke3 Bb2 39. Bg5 Bc1+
0-1

[Event "Tournoi Skype 022A"]
[Site "Skype"]
[Date "????.??.??"]
[Round "5.6"]
[White "Rico Hernandez, Edgar"]
[Black "Ricieri, Vinicius"]
[Result "1-0"]
[WhiteElo "1861"]
[BlackElo "1857"]
[PlyCount "71"]

1. d4 Nf6 2. c4 g6 3. Nc3 d5 4. Bf4 Bg7 5. e3 O-O 6. Nf3 c5 7. dxc5 dxc4 8.
Qxd8 Rxd8 9. Bxc4 Nc6 10. Ng5 e6 11. Rc1 h6 12. Nf3 a6 13. O-O Bd7 14. Rfd1
Rac8 15. Na4 Na5 16. Bb3 Nxb3 17. axb3 Bxa4 18. Rxd8+ Rxd8 19. bxa4 Nd5 20. Be5
Nb4 21. Bxg7 Kxg7 22. Kf1 Nd3 23. Rd1 Rd7 24. b4 Kf6 25. Ke2 Ne5 26. Nxe5 Rxd1
27. Ng4+ Kg5 28. Kxd1 Kxg4 29. Ke2 Kf5 30. Kd3 Ke5 31. Kc4 f5 32. b5 axb5+ 33.
Kxb5 Kd5 34. Kb6 g5 35. a5 e5 36. Kxb7 1-0

[Event "Tournoi Skype 022A"]
[Site "Skype"]
[Date "????.??.??"]
[Round "5.7"]
[White "Karia, Vijay"]
[Black "Engstrom, Olle"]
[Result "1/2-1/2"]
[WhiteElo "1814"]
[BlackElo "1772"]
[PlyCount "77"]

1. e4 e5 2. Bc4 Nf6 3. d3 Nc6 4. Nc3 Bb4 5. f4 d6 6. Nf3 O-O 7. O-O Bg4 8. h3
Bh5 9. g4 Nxg4 10. hxg4 Bxg4 11. Qe1 exf4 12. Bxf4 Qf6 13. Qg3 Bxf3 14. Rxf3
Nd4 15. Rf2 Bc5 16. Be3 Qe5 17. Qxe5 dxe5 18. Re1 c6 19. a3 Be7 20. Bxd4 exd4
21. Ne2 Bh4 22. Nxd4 Bxf2+ 23. Kxf2 Rfe8 24. Ke3 Rad8 25. Rf1 Rd7 26. Nf5 a6
27. Rg1 g6 28. Nh6+ Kg7 29. Ng4 f5 30. Nf2 c5 31. Kf4 b5 32. Bd5 fxe4 33. Bxe4
Rf7+ 34. Ke3 Ref8 35. Rg2 Re7 36. b3 Rfe8 37. Rg5 Re5 38. Rg2 R5e7 39. Rg5
1/2-1/2